[Event "AUTO-ADV-2302"]
[Site "http://www.queenalice.com/game.php?id=994436"]
[Date "2011.10.7"]
[Round "1"]
[White "geoboto"]
[Black "ammoreira"]
[Result "0-1"]
[WhiteElo "1864"]
[BlackElo "2019"]

1. d4 c6 2. Nc3 d5 3. Nf3 Nf6 4. Bg5 h6 5. Bxf6 exf6 6. e3 Bd6 7. Bd3 Be6 8. e4
dxe4 9. Nxe4 Bd5 10. a3 O-O 11. Qe2 Re8 12. O-O-O Bxe4 13. Bxe4 f5 14. Qc4 fxe4
15. Ne5 Qg5+ 16. Kb1 Bxe5 17. dxe5 Qxe5 18. Rde1 Nd7 19. Rxe4 Qxe4 20. Qf1 Qe2
21. Qd1 Qxd1+ 22. Rxd1 Rad8 23. g4 Nf6 24. Rg1 Re2 25. Rg2 Rdd2 26. g5 hxg5 27.
Rg1 Rxc2 28. Rd1 Rxb2+ 29. Ka1 Nd5 30. Rb1 Ra2# 0-1

[Event "bom jogo"]
[Site "http://www.queenalice.com/game.php?id=995213"]
[Date "2011.10.9"]
[Round "-"]
[White "ammoreira"]
[Black "albemo"]
[Result "0-1"]
[WhiteElo "2008"]
[BlackElo "1895"]

1. d4 d5 2. e3 Nf6 3. Bd3 c5 4. c3 Nc6 5. Nf3 cxd4 6. exd4 Bg4 7. Nbd2 e6 8. O-O
Bd6 9. Re1 O-O 10. h3 Bh5 11. Qc2 Rc8 12. Qb1 Rc7 13. Ne5 Bg6 14. Nxg6 fxg6 15.
Nf3 Nh5 16. Rxe6 Rxf3 17. gxf3 Qd7 18. Rxd6 Qxd6 19. Be3 Rf7 20. Be2 Ne7 21. Qf1
Nf5 22. Qg2 Qe6 23. Rd1 Nxe3 24. fxe3 Qxe3+ 25. Qf2 Qg5+ 26. Qg2 Qf5 27. Qg4 Qc2
28. Qc8+ Rf8 29. Qe6+ Kh8 30. Kf2 Qxb2 31. Qxd5 Qxc3 32. Qxb7 Nf4 33. Qe7 Kg8
34. d5 Nxh3+ 35. Kg3 Nf4 36. d6 Nh5+ 37. Kf2 Qc5+ 38. Ke1 Nf4 39. Qe4 Ng2+ 40.
Kd2 Qxd6+ 41. Kc3 Qa3+ 42. Kd4 Rf4 43. Bc4+ Kh8 44. Qxf4 Nxf4 45. Ke4 Qf8 46.
Bb3 h5 47. Rd4 Ng2 48. Rd5 Qf4+ 49. Kd3 Qxf3+ 50. Kd2 h4 51. Rd3 Qf2+ 52. Kc3
Nf4 53. Rd2 Qe3+ 0-1

[Event "Challenge"]
[Site "http://www.queenalice.com/game.php?id=1237436"]
[Date "2013.12.3"]
[Round "-"]
[White "martinezv"]
[Black "ammoreira"]
[Result "1-0"]
[WhiteElo "2085"]
[BlackElo "1987"]

1. b4 d5 2. Bb2 c6 3. Nf3 Nf6 4. e3 Bg4 5. Be2 Nbd7 6. O-O e6 7. a3 Bd6 8. d3
Bxf3 9. Bxf3 Be5 10. Bxe5 Nxe5 11. Be2 Qc7 12. d4 Ng6 13. Nd2 h5 14. h3 Ne7 15.
c4 O-O-O 16. Qa4 Kb8 17. Rab1 g5 18. b5 1-0

[Event "AUTO-OPEN-3144"]
[Site "http://www.queenalice.com/game.php?id=1240706"]
[Date "2013.12.17"]
[Round "1"]
[White "ammoreira"]
[Black "Norfair"]
[Result "0-1"]
[WhiteElo "1924"]
[BlackElo "2529"]

1. d4 g6 2. g3 Bg7 3. Bg2 d6 4. Nf3 Nf6 5. O-O O-O 6. c3 Nbd7 7. Nbd2 e5 8. dxe5
dxe5 9. Qc2 Qe7 10. e4 b6 0-1

[Event "AUTO-MASTER-1999"]
[Site "http://www.queenalice.com/game.php?id=1240793"]
[Date "2013.12.17"]
[Round "1"]
[White "ammoreira"]
[Black "Aspayne"]
[Result "0-1"]
[WhiteElo "1942"]
[BlackElo "1931"]

1. d4 Nf6 2. e3 e6 3. Bd3 b6 4. Nf3 Bb7 5. Nbd2 Be7 6. O-O O-O 7. Re1 c5 8. c4
Nc6 9. Qe2 d5 10. dxc5 dxc4 0-1